Famous Mary's by Picture - Statistics

General Stats
  • This quiz has been taken 52 times
  • The average score is 3 of 5
Answer Stats
Picture Answer % Correct
Queen Mary
100%
Mary
98%
Mary Poppins
83%
Mary Tyler Moore
57%
Mary Marvel
4%
No matching quizzes found
Score Distribution
Percent of People with Each Score
Percentile by Number Answered
Your Score History
You have not taken this quiz